| 000 | 00868nam a2200289 i 4500 | ||
|---|---|---|---|
| 003 | EG-ScBUE | ||
| 005 | 20240716115210.0 | ||
| 008 | 080805r20041997pl a f 000 0 eng d | ||
| 020 | _a1855343533 | ||
| 020 | _a9781855343535 | ||
| 040 |
_aEG-ScBUE _beng _erda _cEG-ScBUE _dEG-ScBUE |
||
| 043 | _af-ua--- | ||
| 082 | 0 | 4 |
_a932.01 _bANC _222 |
| 245 | 0 | 0 |
_aAncient Egypt : _bmyth & history. |
| 246 | 3 |
_aAncient Egypt : _bmyth and history |
|
| 250 | _aReprinted edition. | ||
| 264 | 1 |
_aNew Lanark, Scotland : _bThe Gresham Publishing Company, _c2004. |
|
| 300 |
_a480 pages : _billustrations ; _c24 cm |
||
| 336 |
_2rdacontent _atext _btxt |
||
| 337 |
_aunmediated _2rdamedia _bn |
||
| 338 |
_avolume _bnc _2rdacarrier |
||
| 590 | _ayassmeen ashraf | ||
| 651 | 7 |
_aEgypt _xreligion. _2BUEsh |
|
| 653 |
_bBUSBOL _cAugust2015 |
||
| 655 | _vReading book | ||
| 942 |
_cBB _2ddc |
||
| 999 |
_c6989 _d6989 |
||